LEADER 01605nam a2200349 a 4500 001 000000126798 003 CaOOAMICUS 005 20111104105259.0 008 111104s2007 it aehf u000 u ita r 020 $a978-88-372-2227-7 040 $aPUL$bita 041 1 $aita$hlat$alat 082 04$a271.092 100 1 $aGuarinoni, Ippolito,$d1571-1654.$0(OLS)http://pul/name/80889 245 10$aDetti e fatti, profezie e segreti del frate cappuccino Tommaso da Bergamo /$cIppolito Guarinoni ; a cura di Daniela Marrone. 260 $aBrescia :$bMorcelliana,$c©2007. 300 $a230 p., XXXII p. di tav. :$bill., piante, facsim. ;$c23 cm 490 1 $aTestimoni 504 $aBibliografia in nota. 546 $aTesto latino a fronte. 600 04$aTommaso da Olera,$cO.F.M. Cap.,$d1567-1631.$0(OLS)http://pul/subject/38326 700 1 $aMarrone, Daniela.$0(OLS)http://pul/name/80890 700 1 $aTommaso da Olera,$cO.F.M. Cap.,$d1567-1631,$tDicta et acta, vatidica et arcana.$0(OLS)http://pul/name/80891 830 0$aTestimoni (Morcelliana).$0(OLS)http://pul/title/160005 850 $aPUL 852 $aPUL$W1$xSL Religione 3$y85$m271. 092 TOMOL 1$j146619$qDDC 21$B145317$CPULBib$Z2$F145317 $H118374 $82 941 1 $a9 996 $6020$a978-88-372-2227-7$9(OLS)http://pul/number/148353 996 $6082$a271.092$9(OLS)http://pul/classification/1861 996 $6245$aDetti e fatti, profezie e segreti del frate cappuccino Tommaso da Bergamo$9(OLS)http://pul/title/160180 996 $6260$aBrescia :$bMorcelliana$9(OLS)http://pul/publisher/47854 LEADER 01130namaa2200301 i 4500 001 000000177323 003 CaOOAMICUS 005 20240930122630.0 007 tu 008 240930s2024 it 000 u fre r 040 $aPUL$bita$erda 082 0 $a266.2 100 1 $aSemplicio, Bruno,$csacerdote,$eautore.$0(OLS)http://pul/name/20632 245 10$aJésus-Christ et nous ses missionnaires /$cBruno Semplicio. 264 1$aGenova :$bErga ,$c[2024] 300 $a262 pagine ;$c22 cm 336 $atesto$btxt$2rdacontent 337 $asenza mediazione$bn$2rdamedia 338 $avolume$bnc$2rdacarrier 504 $aBibliografia in nota a piè pagina. 650 4$aMissiologia.$0(OLS)http://pul/subject/9730 850 $aPUL 852 $aPUL$W1$xSL Religione 3$y85$m266. 2 SEMBR 1$j201282$qDDC 21$B206277$CPULBib$Z2$F206277 $H137363 $82 941 1 $a9 996 $6082$a266.2$9(OLS)http://pul/classification/758 996 $6245$aJésus-Christ et nous ses missionnaires$9(OLS)http://pul/title/218830 996 $6264$aGenova :$bErga $9(OLS)http://pul/publisher/81796